[Event "Torun op"]
[Site "Torun"]
[Date "2002.??.??"]
[Round "7"]
[White "Walerych, Jaroslaw"]
[Black "Lewandowski, Robert"]
[Result "0-1"]
[WhiteElo "1600"]
[BlackElo "1600"]
[PlyCount "122"]
[EventDate "2002.??.??"]
[EventType "swiss"]
[EventRounds "9"]
[EventCountry "POL"]
[SourceTitle "EXT 2007"]
[Source "ChessBase"]
[SourceDate "2006.11.23"]
[SourceVersion "1"]
[SourceVersionDate "2006.11.23"]
[SourceQuality "1"]

1. d4 d5 2. Nf3 Nf6 3. Bf4 Bf5 4. e3 e6 5. Bd3 Bg4 6. Nbd2 Bd6 7. Bg3 Bxg3 8. hxg3 Qd6 9. c3 Nbd7 10. Qc2 h6 11. 0-0-0 0-0-0 12. Kb1 e5 13. dxe5 Nxe5 14. Be2 Nxf3 15. Nxf3 Ne4 16. Rhf1 Bf5 17. Bd3 Bg6 18. Nd2 Qe6 19. Nxe4 Bxe4 20. Bxe4 Qxe4 21. Rg1 Qe6 22. Rd4 Rd6 23. Rgd1 Rhd8 24. Ra4 Ra6 25. Rdd4 Rxa4 26. Rxa4 a6 27. Rf4 f6 28. Qh7 Qg8 29. Qg6 c6 30. Qg4+ Kc7 31. Rb4 Qf8 32. Rb3 Qe7 33. Qd4 Qe4+ 34. Kc1 Qxd4 35. cxd4 b5 36. Kd2 g5 37. Rc3 g4 38. Rc1 f5 39. Rh1 Rd6 40. Rh5 Rf6 41. Ke2 Kd6 42. f3 c5 43. Kd3 c4+ 44. Ke2 b4 45. Kd2 a5 46. Rh1 a4 47. Rb1 Rg6 48. Rg1 Ke6 49. e4 gxf3 50. gxf3 fxe4 51. fxe4 dxe4 52. Ke3 Kd5 53. Rg2 h5 54. Rg1 h4 55. g4 h3 56. Rh1 Rxg4 57. Rxh3 Rg5 58. Rh8 Rg3+ 59. Kf4 Rf3+ 60. Kg4 Kxd4 61. Ra8 a3 0-1